| 000 | 01240nam a2200385Ma 4500 | ||
|---|---|---|---|
| 001 | ocn757198806 | ||
| 003 | TZ-ArACH | ||
| 005 | 20130123134439.0 | ||
| 008 | 080131s2006 fr 000 0 fre d | ||
| 020 | _a2130556582 (t. 2) | ||
| 020 | _a9782130556589 (t. 2) | ||
| 035 | _a(OCoLC)757198806 | ||
| 040 |
_aUQ1 _bfre _cTZ-ArACH |
||
| 041 | _aFre | ||
| 049 | _aTZAA | ||
| 050 | 1 | 4 |
_aJZ4984 _b.N38 |
| 245 | 0 | 4 | _aNations Unies d'hier à demain-2 |
| 260 |
_aParis : _bPUF, _c2006. |
||
| 300 |
_a2 v. ; _c24 cm. |
||
| 490 | 0 |
_aRelations internationales : revue trimestrielle d'histoire, _x0335-2013 ; _vno. 127-128 |
|
| 500 | _a"Automne 2006" | ||
| 500 | _a"Hiver 2006" | ||
| 504 | _aComprend des réf. bibliogr. | ||
| 610 | 2 | 7 |
_aOrganisation des Nations Unies. _97938 |
| 610 | 2 | 7 |
_aUnited Nations Organisation _97939 |
| 650 | 7 |
_aHistoire. _97940 |
|
| 650 | 7 |
_aHistory _97941 |
|
| 650 | 7 |
_aInstitutions politiques. _97942 |
|
| 650 | 7 |
_aOpération de maintien de la paix. _97943 |
|
| 650 | 7 |
_aPeace keeping operations _97944 |
|
| 650 | 7 |
_aRéforme. _97945 |
|
| 650 | 7 |
_aReforms _97946 |
|
| 942 |
_2lcc _cBOOK |
||
| 999 |
_c2025 _d2025 |
||